Statistiques concernant Clubs de Ligue 1 (2023-2024)

Cliquez ici pour prendre le quiz!

Statistiques générales

  • Ce quiz a été pris 100 fois
  • Le résultat moyen est 16 sur 18

Statistiques - réponses

% Correct
Ligue 1Paris Saint-Germain
99%
Ligue 1Olympique de Marseille
98%
Ligue 1AS Monaco
95%
Ligue 1FC Nantes
95%
Ligue 1LOSC Lille
95%
Ligue 1Stade Rennais
95%
Ligue 1Olympique Lyonnais
92%
Ligue 1OGC Nice
91%
Ligue 1RC Lens
91%
Ligue 1Montpellier
88%
Ligue 1RC Strasbourg Alsace
87%
Ligue 1Clermont F63
86%
Ligue 1Toulouse
85%
Ligue 1FC Lorient
81%
Ligue 1FC Metz
81%
Ligue 1Stade Brestois
80%
Ligue 1Le Havre
79%
Ligue 1Stade de Reims
77%

Distribution des résultats

Percentile par nombre de réponses

% des personnes avec chaque résultat

Votre développement - résultats

Vous n’avez pas pris ce quiz